Racionalizácia konštrukčných sústav v bytovej výstavbe a jej ekonomický dopad záverečná práca postgraduálneho štúdia

Na minha lista:
Detalhes bibliográficos
Autor principal: Šovčík, Dušan
Autor Corporativo: Vysoká škola ekonomická v Bratislave
Outros Autores: Kulka, Pavol
Formato: Livro
Idioma:eslovaco
Publicado em: Bratislava 1987
Tags: Adicionar Tag
Sem tags, seja o primeiro a adicionar uma tag!

MARC

LEADER 00000nam a2200000 4500
001 c024039
005 20221219095052.4
041 0 |a slo 
044 |a SK 
245 1 0 |a Racionalizácia konštrukčných sústav v bytovej výstavbe a jej ekonomický dopad  |b záverečná práca postgraduálneho štúdia  |c Dušan Šovčík ; Ved. práce Pavol Kulka 
264 1 |a Bratislava  |c 1987 
300 |a 61 s. 
100 1 |a Šovčík, Dušan 
700 1 |a Kulka, Pavol 
710 2 |a Vysoká škola ekonomická v Bratislave